| 000 | 00582nam a22001815i 4500 | ||
|---|---|---|---|
| 001 | 153666 | ||
| 003 | ES-MaACL | ||
| 005 | 20250804054034.0 | ||
| 008 | 940202s1883 sp |||| | spa d | ||
| 040 |
_aAR _bspa |
||
| 245 | 0 | 3 | _aLa entrada en el mundo o guía práctica del joven cristiano. |
| 250 | _a4\sa\p ed. corr. y aum. | ||
| 260 |
_aMadrid : _b[s.n.], _c1883 ( _fimprenta de la viuda é hijo de Eusebio Aguado) |
||
| 300 |
_aXIII, 16-306 p. ; _c16 cm. |
||
| 650 | 7 |
_aVida cristiana _2embne _917790 |
|
| 852 |
_aES-MaACL _jD-2740 _z-- Enc. tela |
||
| 999 |
_c153666 _d153666 |
||